Lana Del Rey Songs - Sudden Death - Statistics

General Stats
  • This quiz has been taken 1,768 times
    1,767 since last reset
  • The average score is 13 of 20
Answers on the Grid
Answers color-coded by a green-red scale on the quiz's grid according to % correct below.
Blue Jeans
Lana
Shades Of Cool
Games
Off To The Races
Dark Paradise
Radiohead
Kintsugi
Guns And Roses
9
Just for Now
Fuck it I love you
Best to You
The Letter
Summer Bummer
Intro
Yayo
Born To Cry
Psychobabble
Heroin
Freak
Tulsa Jesus Freak
Message In A Bottle
American Daydream
Lolita
24
Living Legend
Good Days
The greatest
Lush
Break My Heart
Art Deco
Bad Blood
Dissolved Girl
Out Of The Woods
Sad Girl
Fucked My Way Up To The Top
Get Free
Miss White Cocaine
Purity
 
Answer Stats
Answer % Correct
Blue Jeans
91%
Dark Paradise
81%
Off To The Races
81%
Art Deco
75%
Lolita
75%
Fucked My Way Up To The Top
71%
Sad Girl
70%
Shades Of Cool
70%
Fuck it I love you
67%
Guns And Roses
64%
Yayo
64%
Tulsa Jesus Freak
63%
Freak
62%
The greatest
59%
Summer Bummer
57%
Get Free
56%
Living Legend
56%
Heroin
55%
24
49%
Kintsugi
48%
No matching quizzes found
Score Distribution
Percent of People with Each Score
Percentile by Number Answered
Your Score History
You have not taken this quiz since the last reset